| 000 | 00705cam a22001931 4500 | ||
|---|---|---|---|
| 082 |
_a940.54 _bGUI _cL-30, P-70 |
||
| 100 | 1 |
_aDe Guingand, Francis W. _948911 |
|
| 245 | 1 | 0 |
_aOperation Victory, _cby Major-General Sir Francis De Guingand. |
| 260 |
_aLondon, _bHodder and Stoughton limited _c[1947] |
||
| 300 |
_axii, 13-488 p. _bfront. (port.) illus. (maps, facsims.) diagr. _c23 cm. |
||
| 500 | _a"First printed January 1947." | ||
| 526 |
_a0 _b0 _c0 _d940_540000000000000_GUI |
||
| 526 |
_a0 _b0 _c0 _d940_540000000000000_GUI |
||
| 526 |
_a0 _b0 _c0 _d940_540000000000000_GUI |
||
| 526 |
_a0 _b0 _c0 _d940_540000000000000_GUI |
||
| 650 | 0 |
_aMCE _9379 |
|
| 650 | 0 |
_aWorld War, 1939-1945 _928174 |
|
| 942 |
_2ddc _cBK |
||
| 999 |
_c551769 _d551769 |
||